La Reina Gobernadora Doña María Cristina de Borbón / (Record no. 123982)

MARC details
000 -LEADER
campo de control de longitud fija 01044nam a2200217 i 4500
001 - NÚMERO DE CONTROL
campo de control 123982
003 - IDENTIFICADOR DE NÚMERO DE CONTROL
campo de control ES-MaACL
005 - FECHA Y HORA DE LA ÚLTIMA TRANSACCIÓN
campo de control 20250907063108.0
007 - CAMPO FIJO DE DESCRIPCIÓN FÍSICA--INFORMACIÓN GENERAL
campo de control de longitud fija t|
008 - DATOS DE LONGITUD FIJA--INFORMACIÓN GENERAL
campo de control de longitud fija 070214s1925 sp r ||||1| spa d
100 1# - ENTRADA PRINCIPAL--NOMBRE DE PERSONA
Nombre de persona Villa-Urrutia, Wenceslao Ramírez de Villa-Urrutia,
Títulos y otros términos asociados al nombre Marqués de,
Fechas asociadas al nombre 1850-1933
9 (RLIN) 114894
245 13 - MENCIÓN DEL TÍTULO
Título La Reina Gobernadora Doña María Cristina de Borbón /
Mención de responsabilidad, etc. Marqués de Villa-Urrutia ; prólogo del Excmo. Sr. [D. Alvaro de Figueroa y Torres] Conde de Romanones.
260 ## - PUBLICACIÓN, DISTRIBUCIÓN, ETC.
Lugar de publicación, distribución, etc. Madrid :
Nombre del editor, distribuidor, etc. Librería Española y Extranjera,
Fecha de publicación, distribución, etc. 1925 (
Fabricante Tip. Artística)
300 ## - DESCRIPCIÓN FÍSICA
Extensión XV, 554 p., 1 lám. ;
Dimensiones 22 cm.
600 14 - PUNTO DE ACCESO ADICIONAL DE MATERIA--NOMBRE DE PERSONA
Nombre de persona María Cristina
Títulos y otros términos asociados al nombre Reina consorte de Fernando VII, Rey de España (
Fechas asociadas al nombre 1806-1878)
9 (RLIN) 150801
651 #4 - PUNTO DE ACCESO ADICIONAL DE MATERIA--NOMBRE GEOGRÁFICO
Nombre geográfico España-
Subdivisión general Historia-
Subdivisión geográfica 1833-1840, Regencia de María Cristina de Borbón
9 (RLIN) 8252
651 #4 - PUNTO DE ACCESO ADICIONAL DE MATERIA--NOMBRE GEOGRÁFICO
Nombre geográfico España-
Subdivisión general Historia-
Subdivisión cronológica 1840-1843, Regencia de Espartero.
9 (RLIN) 167869
700 1# - ENTRADA AGREGADA--NOMBRE PERSONAL
Nombre de persona Romanones, Álvaro de Figueroa y Torres,
Títulos y otros términos asociados al nombre Conde de,
Fechas asociadas al nombre 1863-1950
9 (RLIN) 99264
852 ## - LOCALIZACIÓN
Ubicación ES-MaACL
Número de control de estantería B-3600
Holdings
Estatus retirado Estado de pérdida Estado de daño No para préstamo Biblioteca de origen Biblioteca actual Ubicación en estantería Fecha de adquisición Fuente de adquisición Total de préstamos Signatura topográfica completa Código de barras Visto por última vez Precio de reemplazo Tipo de ítem Koha
        Biblioteca del Ateneo de Madrid Biblioteca del Ateneo de Madrid Sala Pardo Bazán 17/01/2008     B-3600 1129170 23/02/2023 23/02/2023 Libro impreso